000 00225nam a22000857a 4500
008 161129b xxu||||| |||| 00| 0 eng d
100 _91528
_aMoore.P
245 _aWilliam Blake Selected Poems
260 _aNew Delhi
_bMaanu Grap
_c2012
999 _c4258
_d4258